00499 2200169 4500245003900000020002200039250001200061100001600073650001600089005001900105260004200124041001400166084001100180300002300191500010600214336000900320 aCritical ElevencIka NatassahText a978-602-03-1892-9 aCet. 19 aIka Natassa aNovel Fiksi a20240131081417 aJakartabGramedia Pustaka Utamac2017 aIndonesia a808.83 a344 hlm. :c20 cm. aDalam dynia penerbangan dikenal istilah critical eleven,sebelaas menit paling kritis di dalam pesawat atext